| 000 | 03342cam a22011654i 4500 | ||
|---|---|---|---|
| 003 | PE-LiUPU | ||
| 005 | 20250813185506.0 | ||
| 008 | 150625s r 000 0 d | ||
| 035 | _a(Sirsi) a35301 | ||
| 040 |
_aPE-LiUPU _bspa _cPE-LiUPU _erda |
||
| 082 | 0 | 4 |
_a301 _bB673h _223 |
| 100 | 1 |
_aBoff, Leonardo, _eautor. |
|
| 245 | 1 | 3 |
_aEl hombre Nuevo / _cLeonardo Boff. |
| 264 |
_aMadrid : _bNARCEA, S. A. de ediciones, _c1981 |
||
| 300 |
_a168 páginas: _c21 centímetros. |
||
| 336 |
_atext _2rdacontent |
||
| 337 |
_aunmediated _2rdamedia |
||
| 338 |
_avolume _2rdacarrier |
||
| 505 | _aEL HOMBRE, ENTRE LA ALIENACIÓN Y LA CULTURA: EL nuevo capitalismo o el hombre planificado -- Una nueva ciencia para un hombre nuevo -- Educar cristianamente para un hombre nuevo -- Hombre viejo-hombre nuevo en la dialéctica del plan divino -- El hombre nuevo según san Pablo -- La realización de la utopía: Jesús el hombre nuevo -- PROYECTOS Y ALTERNATIVAS DEL HOMBRE: Alternativas de hombre -- el hombre democrático según Gandhi -- El hombre nuevo de la China maosita -- Ernesto Che Guevara, hombre justo y revolucionario auténtico -- Roger Garaudy: Proyecto de hombre nuevo -- La justicia del hombre futuro, ensueño de León Felipe -- conciencia de hombre en Miguel Hernández -- Rufino Velazco -- Característica y caminos para el hombre nuevo. | ||
| 526 | _aP202 | ||
| 526 | _aP201 | ||
| 526 | _aP163 | ||
| 526 | _aP162 | ||
| 526 | _aP161 | ||
| 526 | _aP160 | ||
| 526 | _aP148 | ||
| 526 | _aP147 | ||
| 526 | _aP146 | ||
| 526 | _aP145 | ||
| 526 | _aP144 | ||
| 526 | _aP143 | ||
| 526 | _aP142 | ||
| 526 | _aP141 | ||
| 526 | _aP140 | ||
| 526 | _aP139 | ||
| 526 | _aP138 | ||
| 526 | _aP137 | ||
| 526 | _aP136 | ||
| 526 | _aP135 | ||
| 526 | _aP134 | ||
| 526 | _aP133 | ||
| 526 | _aP129 | ||
| 526 | _aP128 | ||
| 526 | _aP127 | ||
| 526 | _aP120 | ||
| 526 | _aP119 | ||
| 526 | _aP118 | ||
| 526 | _aP116 | ||
| 526 | _aP115 | ||
| 526 | _aP114 | ||
| 526 | _aP110 | ||
| 526 | _aP109 | ||
| 526 | _aP108 | ||
| 526 | _aP104 | ||
| 526 | _aP103 | ||
| 526 | _aP102 | ||
| 526 | _aP99 | ||
| 526 | _aP98 | ||
| 526 | _aP97 | ||
| 526 | _aP96 | ||
| 526 | _aP95 | ||
| 526 | _aP93 | ||
| 526 | _aP90 | ||
| 526 | _aP89 | ||
| 526 | _aP88 | ||
| 526 | _aP83 | ||
| 526 | _aP82 | ||
| 526 | _aP62 | ||
| 526 | _aP59 | ||
| 526 | _aP58 | ||
| 526 | _aP57 | ||
| 526 | _aP51 | ||
| 526 | _aP49 | ||
| 526 | _aP48 | ||
| 526 | _aP47 | ||
| 526 | _aP29 | ||
| 526 | _aP24 | ||
| 526 | _aP20 | ||
| 526 | _aP19 | ||
| 526 | _aP17 | ||
| 526 | _aP15 | ||
| 526 | _aP14 | ||
| 526 | _aP12 | ||
| 526 | _aP10 | ||
| 526 | _aP09 | ||
| 526 | _aP08 | ||
| 526 | _aP07 | ||
| 526 | _aP06 | ||
| 526 | _aP05 | ||
| 526 | _aP04 | ||
| 526 | _aP01 | ||
| 650 | 1 | 4 |
_aAntropología social _92185 |
| 650 | 1 | 4 |
_aAntropología urbana _92186 |
| 942 |
_2ddc _cBK _n0 |
||
| 949 |
_a233.7 B673h _wDEWEY _c1 _i39183 _lCCODEBUL1 _mBUL _p00.00 _r0 _sY _tBOOK _u2015-06-25 _xBIBLIOTECA _zUNKNOWN _0COMPRA _o.STAFF. Colección General |
||
| 949 |
_a233.7 B673h _wDEWEY _c2 _i20719 _lCCODEBUL1 _mBUL _p00.00 _r0 _sY _tBOOK _u2015-06-25 _xBIBLIOTECA _zUNKNOWN _0COMPRA _o.STAFF. Colección General |
||
| 980 |
_81 _gALBERTO SANCHEZ Responsable de Automatización |
||
| 999 |
_c43251 _d43251 |
||